01273nam a2200301 i 4500003000900000005001700009007000300026008004100029020001800070040003000088041000800118082001700126100003900143245012300182264006000305300002800365336002700393337003300420338002800453500007400481500006300555590002600618700004900644910001500693942001400708952023200722999001700954DO-SdBNP20250424105113.0ta110125s2008 cu 000 0 spa d a9789592710955 aDO-SdBNPbspacBNPHUerda hspa 4axxxbxxx2221 aIbarra, Jorge.eautor4aut.94985010aJosé Martí :bdirigente político e ideólogo revolucionario /cJorge Ibarra ; edición, Maribel Díaz Pérez 1aLa Habana, Cuba :bCentro de Estudios Martianos,c2008. a267 páginas ;c18 cm. atextobtxt2rdacontent asin mediaciónbn2rdamedia avolumenbnc2rdacarrier aIncluye referencias bibliográficas y notas al pie de las páginas. aIncluye datos biográficos del autor en la contracubierta aInventariado, 2025/BT1 aDíaz Pérez, Maribel,eeditor4ed.987515 aBtavárez 2ddccLBS1 00102ddc56708GRaBNPHUbBNPHUcCTd2025-04-24eDonado por la Presidencia de la República Dominicana 2023.l0oBNPHU GRp2025-3584r2025-04-24w2025-04-24yLBS1zPertenecio a la bilioteca personal de Emilio Cordero Michel. c58778d58778